000
00331 a2200157 4500
001
174945
020
_a
040
_c
Magnum
100
_a
Brandao, Luzia Machado
240
1
0
_a
O grilinho brincalhao
_l
por
245
1
0
_a
O grilinho brincalhao
362
0
_a
1899
440
1
_a
Do Brasil
697
_a
IJ/DIDATICO
942
_c
BK
999
_c
174945
_d
174945